National evaluation of local strategic partnerships (Record no. 105075)

MARC details
000 -LEADER
fixed length control field 01955cam a2200289 4500
001 - CONTROL NUMBER
control field ##L132269
008 - FIXED-LENGTH DATA ELEMENTS--GENERAL INFORMATION
fixed length control field 060123n2006 000 0 eng u
020 ## - INTERNATIONAL STANDARD BOOK NUMBER
International Standard Book Number 9781851128358 (online)
035 ## - SYSTEM CONTROL NUMBER
System control number (Sirsi) u132269
041 0# - LANGUAGE CODE
Language code of text/sound track or separate title eng
050 04 - LIBRARY OF CONGRESS CALL NUMBER
Classification number 711.52 $2 18
110 1# - MAIN ENTRY--CORPORATE NAME
Corporate name or jurisdiction name as entry element United Kingdom
Subordinate unit Office of the Deputy Prime Minister
245 00 - TITLE STATEMENT
Title National evaluation of local strategic partnerships
Remainder of title formative evaluation and action research programme 2002-2005: final report
260 ## - PUBLICATION, DISTRIBUTION, ETC.
Place of publication, distribution, etc. London
Name of publisher, distributor, etc. ODPM
-- 2006
520 ## - SUMMARY, ETC.
Summary, etc. This final report of an ODPM and Department for Transport commissioned study draws together the key findings from the national evaluation of Local Strategic Partnerships (LSPs) and covers the first three years of the programme. The objective of this phase of the national evaluation is to support LSPs and policy makers at local, regional and central levels and to evaluate the progress LSPs are making. The formative evaluation identifies a number of governance and delivery issues. Despite variation, it concludes that LSPs have made good progress across England but also assesses difficulties and outlines areas for further development. A summative evaluation of impacts and effectiveness is provisionally planned to start in 2006.
590 ## - LOCAL NOTE (RLIN)
Local note IKA310106
660 ## -
-- ENVIRONMENTAL AND LAND CONSULTANCY-PLANNING AND DEVELOPMENT-STRATEGIC PLANNING
690 ## - LOCAL SUBJECT ADDED ENTRY--TOPICAL TERM (OCLC, RLIN)
Topical term or geographic name as entry element ENVIRONMENTAL AND LAND CONSULTANCY-PLANNING AND DEVELOPMENT-STRATEGIC PLANNING
710 1# - ADDED ENTRY--CORPORATE NAME
Corporate name or jurisdiction name as entry element United Kingdom
Subordinate unit Department for Transport
9 (RLIN) 4866
710 2# - ADDED ENTRY--CORPORATE NAME
Corporate name or jurisdiction name as entry element European Institute for Urban Affairs
9 (RLIN) 650
710 1# - ADDED ENTRY--CORPORATE NAME
Corporate name or jurisdiction name as entry element United Kingdom
Subordinate unit Office for Public Management
9 (RLIN) 4867
710 2# - ADDED ENTRY--CORPORATE NAME
Corporate name or jurisdiction name as entry element University of Warwick
9 (RLIN) 4868
710 2# - ADDED ENTRY--CORPORATE NAME
Corporate name or jurisdiction name as entry element Liverpool John Moores University
9 (RLIN) 2356
710 2# - ADDED ENTRY--CORPORATE NAME
Corporate name or jurisdiction name as entry element University of the West of England
9 (RLIN) 3479
856 40 - ELECTRONIC LOCATION AND ACCESS
Uniform Resource Identifier <a href="https://www.communities.gov.uk/index.asp?id=1163002">https://www.communities.gov.uk/index.asp?id=1163002</a>
Public note View the final report free of charge at www.dclg.gov.uk...
942 ## - ADDED ENTRY ELEMENTS (KOHA)
Suppress in OPAC 0
Holdings
Withdrawn status Lost status Source of classification or shelving scheme Damaged status Not for loan Home library Current library Shelving location Date acquired Total Checkouts Full call number Barcode Date last seen Copy number Price effective from Koha item type
    Dewey Decimal Classification     Virtual Virtual Online 23/01/2006   ONLINE PUBLICATION 132269-2001 06/08/2019 1 06/08/2019 Book